000 00861cam a22002777a 4500
003 CHAP
005 20220329140735.0
008 971013s1994 r 00010 d
010 _a56863
011 _a57835
035 _a61990
040 _cCHAP
090 _aFolleto 14551 v.13
110 _aProcuraduría Agraria. México
_991847
245 0 _aVentas o sesiones ilegales de terrenos ejidales o comunales
260 _aMéxico, D.F. :
_bLa Procuraduría,
_c1994
300 _a15 p.
590 _aBATCH-UPD
_b10
_c20130110
_lUCH01
_h1728
590 _aCONVERSION
_b10
_c20130109
_lUCH01
_h1331
650 1 4 _aTierras comunales.
_9113271
650 1 4 _aTierras
_xTenencia.
_9113130
901 _aBK
942 _cFOLL
949 _aFolleto 14551 v.13
_bBC
_cFOLL
_d-132962
_eTS1
_i61990
_si
949 _aFolleto 14551 v.13
_bBC
_cFOLL
_d-132963
_eTS2
_fc.2
_i61990
_si
999 _c56863
_d56863